|
|
|
|
| LEADER |
02320nam a2200577 a 4500 |
| 001 |
nkc20102114122 |
| 003 |
CZ PrNK |
| 005 |
20260424085449.0 |
| 007 |
ta |
| 008 |
100625s2010 xr acghe 000 0dcze |
| 015 |
|
|
|a cnb002114122
|
| 020 |
|
|
|a 978-80-254-7750-2
|q (váz.)
|
| 035 |
|
|
|a (OCoLC)670479758
|
| 040 |
|
|
|a OLA001
|b cze
|d BOA001
|d ABA001
|
| 041 |
0 |
|
|a cze
|a slo
|
| 043 |
|
|
|a e-xr---
|a e-xo---
|
| 045 |
|
|
|a x-y-
|
| 072 |
|
7 |
|a 783
|x Církevní hudba. Duchovní hudba. Náboženská hudba
|2 Konspekt
|9 9
|
| 072 |
|
7 |
|a 929
|x Biografie
|2 Konspekt
|9 8
|
| 080 |
|
|
|a 783.8
|2 MRF
|
| 080 |
|
|
|a 929
|2 MRF
|
| 080 |
|
|
|a 78.071.1/.2
|2 MRF
|
| 080 |
|
|
|a (437.3)
|2 MRF
|
| 080 |
|
|
|a (437.6)
|2 MRF
|
| 080 |
|
|
|a (0:82-94)
|2 MRF
|
| 245 |
0 |
0 |
|a Sborník :
|b historie a současnost česko-slovenského gospelu /
|c [editor Bob Fliedr]
|
| 246 |
3 |
0 |
|a Historie a současnost česko-slovenského gospelu
|
| 250 |
|
|
|a Vyd. 1.
|
| 260 |
|
|
|a Zlín :
|b Salesiánský klub mládeže,
|c 2010
|
| 300 |
|
|
|a 88 s. :
|b il. (některé barev.), portréty, noty, faksim. ;
|c 24 cm
|
| 500 |
|
|
|a Obálkový podnázev: semináře o historii čs. gospelu : závěrečná konference
|
| 500 |
|
|
|a Chronologické přehledy
|
| 546 |
|
|
|a Část. slovenský text
|
| 648 |
|
7 |
|a 20.-21. století
|7 ch462155
|2 czenas
|
| 650 |
0 |
7 |
|a gospel
|7 ph224344
|z Česko
|y 20.-21. století
|2 czenas
|
| 650 |
0 |
7 |
|a gospel
|7 ph224344
|z Slovensko
|y 20.-21. století
|2 czenas
|
| 650 |
0 |
7 |
|a hudebníci
|7 ph117204
|z Česko
|y 20.-21. století
|2 czenas
|
| 650 |
0 |
7 |
|a hudebníci
|7 ph117204
|z Slovensko
|y 20.-21. století
|2 czenas
|
| 650 |
0 |
9 |
|a gospel music
|z Czechia
|y 20th-21st centuries
|2 eczenas
|
| 650 |
0 |
9 |
|a gospel music
|z Slovakia
|y 20th-21st centuries
|2 eczenas
|
| 650 |
0 |
9 |
|a musicians
|z Czechia
|y 20th-21st centuries
|2 eczenas
|
| 650 |
0 |
9 |
|a musicians
|z Slovakia
|y 20th-21st centuries
|2 eczenas
|
| 655 |
|
7 |
|a medailony
|7 fd185951
|2 czenas
|
| 655 |
|
9 |
|a biographical portraits
|2 eczenas
|
| 700 |
1 |
|
|a Fliedr, Bob,
|d 1958-
|7 jn19981001191
|4 edt
|
| 856 |
4 |
1 |
|u http://www.digitalniknihovna.cz/mzk/uuid/uuid:9bc61a60-6aac-11e7-aab4-005056827e52
|y Digitalizovaný dokument
|x NDK
|
| 910 |
2 |
|
|a BOA001
|b 2-1248.363
|
| 990 |
|
|
|a BK
|
| 995 |
|
|
|a 01
|
| 991 |
|
|
|b 201009
|c NOV
|e n
|
| 996 |
6 |
|
|b 2610446946
|c 2-1248.363
|l MZK
|r Sklad / do 1 hodiny
|n 2
|p p.v.
|w 001140367
|u 000010
|a 1
|e BOA001
|j MZK50
|s P
|